Standard method of measurement of building works in East Africa. (Record no. 94379)

MARC details
000 -LEADER
fixed length control field 00550cam a2200193 4500
001 - CONTROL NUMBER
control field D1008
008 - FIXED-LENGTH DATA ELEMENTS--GENERAL INFORMATION
fixed length control field 090401t1970 xxu||||| |||| 00| 0 eng d
035 ## - SYSTEM CONTROL NUMBER
System control number (Sirsi) u62199
041 ## - LANGUAGE CODE
Language code of text/sound track or separate title eng
050 ## - LIBRARY OF CONGRESS CALL NUMBER
Classification number 692.309676
110 ## - MAIN ENTRY--CORPORATE NAME
Corporate name or jurisdiction name as entry element The Architectural Association of Kenya
9 (RLIN) 3253
245 ## - TITLE STATEMENT
Title Standard method of measurement of building works in East Africa.
260 ## - PUBLICATION, DISTRIBUTION, ETC.
Place of publication, distribution, etc. Nairobi
Name of publisher, distributor, etc. The Architectural Association of Kenya
Date of publication, distribution, etc. 1970
300 ## - PHYSICAL DESCRIPTION
Extent viii. 101p. 29cm
350 ## - PRICE (NR) (BK AM CF MU VM SE) [OBSOLETE]
Price 0
520 ## - SUMMARY, ETC.
Summary, etc. Filed at SMM 1970/1BC
942 ## - ADDED ENTRY ELEMENTS (KOHA)
Suppress in OPAC 0
948 ## - LOCAL PROCESSING INFORMATION (OCLC); SERIES PART DESIGNATOR (RLIN)
c (OCLC) 04/03/1997
Holdings
Withdrawn status Lost status Source of classification or shelving scheme Damaged status Not for loan Home library Current library Shelving location Date acquired Total Checkouts Full call number Barcode Date last seen Copy number Price effective from Koha item type
    Other/Generic Classification Scheme     London London Basement 15/01/1992   SMM - BASEMENT 30032256 06/08/2019 1 06/08/2019 Book
    Other/Generic Classification Scheme     London London Basement 15/01/1992   SMM - BASEMENT 30032260 06/08/2019 1 06/08/2019 Reference material
    Other/Generic Classification Scheme     London London Basement 15/01/1992   SMM - BASEMENT 30032264 06/08/2019 1 06/08/2019 Book